000 00731nam a2200253Ia 4500
003 OSt
005 20220928125521.0
006 a|||||r|||| 00| 0
007 ta
008 220927b |||||||| |||| 00| 0 eng d
020 _c450
024 _a115292
037 _b215, 10/02/2012, Classic Book Service
_cTextual
040 _aSDCL
_cSDCL
_beng
041 _2eng
_aeng
082 _aR65,0, Q2
100 _aHume Robert Ernest
_9469961
245 0 _aPhilosophy of the upanishads.
260 _aNew Delhi
_bUniversal Voice
_c2012
300 _axviii,174p
_ccm.
650 _aPhilosophy
942 _hR65,0, Q2
_cTEXL
_2CC
999 _c782699
_d782699